<?xml version="1.0" encoding="UTF-8"?><?xml-stylesheet type="text/xsl" href="static/style.xsl"?><OAI-PMH xmlns="http://www.openarchives.org/OAI/2.0/" xmlns:xsi="http://www.w3.org/2001/XMLSchema-instance" xsi:schemaLocation="http://www.openarchives.org/OAI/2.0/ http://www.openarchives.org/OAI/2.0/OAI-PMH.xsd"><responseDate>2026-07-01T04:54:46Z</responseDate><request verb="GetRecord" identifier="oai:riubu.ubu.es:10259/11885" metadataPrefix="marc">https://riubu.ubu.es/oai/request</request><GetRecord><record><header><identifier>oai:riubu.ubu.es:10259/11885</identifier><datestamp>2026-06-30T00:05:20Z</datestamp><setSpec>com_10259_4839</setSpec><setSpec>com_10259_5086</setSpec><setSpec>com_10259_2604</setSpec><setSpec>col_10259_4840</setSpec></header><metadata><record xmlns="http://www.loc.gov/MARC21/slim" xmlns:doc="http://www.lyncode.com/xoai" xmlns:xsi="http://www.w3.org/2001/XMLSchema-instance" xmlns:dcterms="http://purl.org/dc/terms/" xsi:schemaLocation="http://www.loc.gov/MARC21/slim http://www.loc.gov/standards/marcxml/schema/MARC21slim.xsd">
<leader>00925njm 22002777a 4500</leader>
<datafield tag="042" ind1=" " ind2=" ">
<subfield code="a">dc</subfield>
</datafield>
<datafield tag="720" ind1=" " ind2=" ">
<subfield code="a">Rodríguez Cano, Sonia</subfield>
<subfield code="e">author</subfield>
</datafield>
<datafield tag="720" ind1=" " ind2=" ">
<subfield code="a">Delgado Benito, Vanesa</subfield>
<subfield code="e">author</subfield>
</datafield>
<datafield tag="720" ind1=" " ind2=" ">
<subfield code="a">Ausín Villaverde, Vanesa</subfield>
<subfield code="e">author</subfield>
</datafield>
<datafield tag="260" ind1=" " ind2=" ">
<subfield code="c">2020-12</subfield>
</datafield>
<datafield tag="520" ind1=" " ind2=" ">
<subfield code="a">Este estudio presenta una experiencia de innovación docente utilizando la pedagogía del arte enmarcada en el proyecto IDDEA (investigación del desarrollo didáctico de la expresión y el arte). Los estudiantes participantes (n = 26), pertenecientes al grado en pedagogía, diseñaron y produjeron un material didáctico audiovisual para trabajar la coeducación y el fomento de valores de respeto e igualdad. Se inspiraron en la obra artística de la pintora Ángeles Romo. Un total de siete píldoras formativas audiovisuales fueron creadas con la técnica de animación Cut-Out. Los resultados muestran que los futuros pedagogos se sienten satisfechos con la utilización del arte como recurso didáctico y manifiestan que utilizarán esta estrategia en su futuro profesional. Las docentes implicadas consideran el gran potencial pedagógico del arte en el ámbito educativo, concretamente, la implementación de la pedagogía del arte en el contexto de educación superior. Se concluye que esta ha contribuido a conseguir los objetivos curriculares en la experiencia pedagógica realizada.</subfield>
</datafield>
<datafield tag="024" ind2=" " ind1="8">
<subfield code="a">https://hdl.handle.net/10259/11885</subfield>
</datafield>
<datafield tag="024" ind2=" " ind1="8">
<subfield code="a">10.4067/S0718-50062020000600229</subfield>
</datafield>
<datafield tag="024" ind2=" " ind1="8">
<subfield code="a">0718-5006</subfield>
</datafield>
<datafield ind1=" " ind2=" " tag="653">
<subfield code="a">Pedagogía</subfield>
</datafield>
<datafield ind1=" " ind2=" " tag="653">
<subfield code="a">Arte</subfield>
</datafield>
<datafield ind1=" " ind2=" " tag="653">
<subfield code="a">Cut-Out</subfield>
</datafield>
<datafield ind1=" " ind2=" " tag="653">
<subfield code="a">Píldoras formativas audiovisuales</subfield>
</datafield>
<datafield ind1=" " ind2=" " tag="653">
<subfield code="a">Educación superior</subfield>
</datafield>
<datafield tag="245" ind1="0" ind2="0">
<subfield code="a">El proyecto de investigación del desarrollo didáctico de la expresión y el arte (IDDEA): pedagogía del arte en educación superior</subfield>
</datafield>
</record></metadata></record></GetRecord></OAI-PMH>